Report of the National Academy of Sciences for the year 1899.

Bibliographic Details
Corporate Authors: National Academy of Sciences (U.S.), ProQuest (Firm)
Format: Government Document eBook
Language:English
Published: Washington : [publisher not identified], 1900.
Series:United States congressional serial set.
Subjects:
Online Access:Connect to the full text of this electronic book

MARC

Tag First Indicator Second Indicator Subfields
LEADER 00000cam a22000001a 4500
001 in00002789564
005 20190331180717.0
006 m o d
007 cr bn mmmapmmp
008 091225s1900 dcud o f000 0 eng d
035 |a cis2004329292 
040 |a UMI  |c UMI  |d UtOrBLW 
043 |a n-us--- 
086 0 |a NA 1.1:899 
099 |a ProQuest Serial Set Number 3851 S.doc.117 
110 2 |a National Academy of Sciences (U.S.) 
245 1 0 |a Report of the National Academy of Sciences for the year 1899. 
246 1 |a Report of National Academy of Sciences, 1899 
264 1 |a Washington :  |b [publisher not identified],  |c 1900. 
300 |a 1 online resource. 
336 |a text  |b txt  |2 rdacontent 
337 |a computer  |b c  |2 rdamedia 
338 |a online resource  |b cr  |2 rdacarrier 
490 0 |a S.doc.117 
500 |a Record is based on bibliographic data in ProQuest U.S. Serial Set Digital Collection (last viewed Dec. 2009). Reuse except for individual research requires license from ProQuest, LLC. 
510 3 |a ProQuest U.S. Serial Set Digital Collection 
500 |a Electronic resource. 
610 2 0 |a National Academy of Sciences (U.S.) 
650 0 |a Science. 
655 7 |a Electronic books.  |2 local 
710 2 |a ProQuest (Firm) 
830 0 |a United States congressional serial set. 
856 4 0 |u http://proxy.library.tamu.edu/login?url=http://congressional.proquest.com/congcomp/getdoc?SERIAL-SET-ID=3851+S.doc.117  |z Connect to the full text of this electronic book  |t 0 
999 |a MARS 
999 f f |s 738f53e0-3d9d-39ae-8358-b6e820fd9d48  |i 72c2cb0f-89bf-30bc-b98d-f4bd808f0372  |t 0 
952 f f |a Texas A&M University  |b College Station  |c Electronic Resources  |d Available Online  |t 0  |e ProQuest Serial Set Number 3851 S.doc.117  |h Other scheme 
998 f f |a ProQuest Serial Set Number 3851 S.doc.117  |t 0  |l Available Online